Sports Quiz

Random Sports or MLB Quiz

1,000 Strikeouts in Both Leagues Quiz Stats

 Plays Quiz Updated Oct 8, 2019

Score 0/5 Timer 04:00
5 Plays Today
AL (strikeouts, team, period) Pitcher % Correct
2,162
Seattle Mariners
1989-1998
Randy Johnson
97.2%
2,416
California Angels
1972-1979
Nolan Ryan
93.9%
1,081
Detroit Tigers
2010-2014
Max Scherzer
88.3%
1,341
Boston Red Sox
1901-1908
Cy Young
73.1%
1,406
Detroit Tigers
1955-1963
Jim Bunning
30.1%

You're not logged in!

Compare scores with friends on all Sporcle quizzes.
OR
Log In

Sporcle TV

Today on Sporcle TV


Watch our educational content, quiz creation guides, and fun videos on Sporcle TV.

Show Comments

Extras

Top Quizzes Today


Score Distribution

Your Account Isn't Verified!

In order to create a playlist on Sporcle, you need to verify the email address you used during registration. Go to your Sporcle Settings to finish the process.

Report this User

Report this user for behavior that violates our Community Guidelines.

Details: